| 000 | 00764nam a2200253Ia 4500 | ||
|---|---|---|---|
| 003 | OSt | ||
| 005 | 20221005022404.0 | ||
| 006 | a|||||r|||| 00| 0 | ||
| 007 | ta | ||
| 008 | 221004b |||||||| |||| 00| 0 urd d | ||
| 020 | _c200 | ||
| 024 | _a117473 | ||
| 037 |
_bMPH/6075/2, 14/02/2012, Modern Publishing House _cTextual |
||
| 040 |
_aCRL _cCRL _burd |
||
| 041 |
_2urd _aurd |
||
| 082 | _aV25246.N5, 168L7;P7 | ||
| 100 | _aParvez Athar Au. | ||
| 245 | 0 | _aAligarh se Aligarh tak | |
| 260 |
_aAlighar _bUrdu Ghar India _c2007 |
||
| 300 |
_a230p. _ccm. |
||
| 650 | _aALIGARH - HISTORY | ||
| 942 |
_hV25246.N5, 168L7;P7 _cTEXL _2cc |
||
| 999 |
_c929321 _d929321 |
||